Serie A - Statistiques

Statistiques générales
  • Ce quiz a été pris 105 fois
  • Le résultat moyen est 8 sur 16
Statistiques - réponses
Année Vainqueur % Correct
1901, 1906, 1907, 1951, 1955, 1957, 1959, 1962, 1968, 1979, 1988, 1992, 1993, 1994, 1996, 1999, 2004, 2011, 2022 AC Milan
100%
1910, 1920, 1930, 1938, 1940, 1953, 1954, 1963, 1965, 1966, 1971, 1980, 1989, 2006, 2007, 2008, 2009, 2010, 2021 Inter
100%
1905, 1926, 1931, 1932, 1933, 1934, 1935, 1950, 1952, 1958, 1960, 1961, 1967, 1972, 1973, 1975, 1977, 1978, 1981, 1982, 1984, 1986, 1995, 1997, 1998, 2002, 2003, 2012, 2013, 2014, 2015, 2016, 2017, 2018, 2019, 2020 Juventus
99%
1987, 1990 Naples
91%
1974, 2000 Lazio
81%
1942, 1983, 2001 AS Rome
67%
1956, 1969 Fiorentina
65%
1928, 1943, 1946, 1947, 1948, 1949, 1976 Torino
51%
1991 Sampdoria
45%
1898, 1899, 1900, 1902, 1903, 1904, 1915, 1923, 1924 Genoa
43%
1925, 1929, 1936, 1937, 1939, 1941, 1964 Bologne
37%
1970 Cagliari
30%
1985 Hellas Vérone
22%
1908, 1909, 1911, 1912, 1913, 1921, 1922 Pro Vercelli
3%
1914 AS Casale
1%
1922 USD Novese
0%
Aucun quiz correspondant
Distribution des résultats
% des personnes avec chaque résultat
Percentile par nombre de réponses
Votre historique - résultats
Vous n’avez pas pris ce quiz